00393pab a2200133 454500008004000000100002600040245008600066260000900152300001000161362000900171650002600180700002200206773003100228180718b1988 xxu||||| |||| 00| 0 eng d aGrootaert, Christiaan aTenancy choice and the demand for rental housing in the cities of the Ivory Coast c1988 a44-63 aJuly aHousing - Ivory Coast aJean - Luc Dubois aJournal of Urban Economics